000 00351 a2200157 4500
001 51766
020 _a
040 _cAnchieta - Pituba
100 _aSANTOS, Marta Oliveira dos
240 1 0 _a2ª Geografia, II unidade
_lpor
245 1 0 _a2ª Geografia, II unidade
300 _a9
362 0 _a2207
650 4 _aGeografia e viagens
942 _cBK
999 _c51766
_d51766